Online
Catalog

Mi lucha / (Record no. 6719)

MARC details
000 -CABECERA
campo de control de longitud fija 00804cam a2200253 a 4500
001 - NÚMERO DE CONTROL
campo de control 000006935
005 - FECHA Y HORA DE LA ÚLTIMA TRANSACCIÓN
campo de control 20200929154027.0
008 - DATOS DE LONGITUD FIJA--INFORMACIÓN GENERAL
campo de control de longitud fija 840120s2002 sp a 001 0 spa d
040 ## - FUENTE DE LA CATALOGACIÓN
Centro catalogador/agencia de origen DO-SdBNP
Centro/agencia transcriptor CarP
Centro/agencia modificador DLC
043 ## - CÓDIGO DE ÁREA GEOGRÁFICA
Código de área geográfica e-gx---
082 ## - NÚMERO DE LA CLASIFICACIÓN DECIMAL DEWEY
Número de clasificación 320.943
Número de documento/Ítem H675m
049 ## - FONDOS LOCALES (OCLC)
Fondos de biblioteca BNGR
100 1# - ENTRADA PRINCIPAL--NOMBRE DE PERSONA
Nombre de persona Hitler, Adolf
Fechas asociadas al nombre 1889-1945.
9 (RLIN) 19237
240 10 - TÍTULO UNIFORME
Título uniforme Mein Kampf.
Lenguaje de la obra Spanish
245 10 - MENCIÓN DE TÍTULO
Título Mi lucha /
Mención de responsabilidad, etc. Adolf Hitler ; traducción de Alberto Saldivar P.
260 ## - PUBLICACIÓN, DISTRIBUCIÓN, ETC.
Lugar de publicación, distribución, etc. Bogotá :
Nombre del editor, distribuidor, etc. Solar,
Fecha de publicación, distribución, etc. 2002.
300 ## - DESCRIPCIÓN FÍSICA
Extensión 262 p. :
Otras características físicas il. ;
Dimensiones 17 cm.
490 1# - MENCIÓN DE SERIE
Mención de serie Solar
651 #4 - PUNTO DE ACCESO ADICIONAL DE MATERIA--NOMBRE GEOGRÁFICO
Nombre geográfico Alemania
Subdivisión general Política Y Gobierno
Subdivisión cronológica SIGLO XX
9 (RLIN) 19238
610 20 - PUNTO DE ACCESO ADICIONAL DE MATERIA--NOMBRE DE ENTIDAD CORPORATIVA
Nombre de entidad corporativa o nombre de jurisdicción como elemento de entrada PARTIDO DE LOS TRABAJADORES NACIONAL SOCIALISTA ALEMÁN
9 (RLIN) 19239
700 1# - PUNTO DE ACCESO ADICIONAL--NOMBRE DE PERSONA
Nombre de persona Saldivar P., Alberto
Término indicativo de función/relación tr.
9 (RLIN) 19240
830 #0 - PUNTO DE ACCESO ADICIONAL DE SERIE-TÍTULO UNIFORME
Título uniforme Solar ;
9 (RLIN) 19241
910 ## - DATOS DE OPCIÓN DEL USUARIO (OCLC)
Datos de opción del usuario Catalogación original noche
Holdings
Estado de retiro Estado de pérdida Restricciones de uso No para préstamo Código de colección Localización permanente Ubicación/localización actual Ubicación en estantería Fecha de adquisición Número de inventario Total de préstamos Signatura topográfica completa Código de barras Fecha visto por última vez Precio válido a partir de Tipo de ítem Koha
    Préstamo interno   Monografías: Libros y Folletos General General En catalogación 03.09.2009 LF1   320.943 H675m 6935-10 25.06.2020 25.06.2020 Préstamo interno

Powered by Koha